00981nam a2200157 a 4500008004100000020001500041041000800056100002100064245011700085250002200202260002900224300001100253500014600264505039800410655001500808190917e1993 co |||g |||| 001 0 spa d a9580409773 aspa1 aQuiroga, Horacio3 aEl hombre muerto.bPor la otra cara de este libro: A propósito de Horacio Quiroga y su obra /cHoracio Quiroga a1a ed. 5ta reimp. aColombia:bNorma;c1993. a148 p. aQuiroga, H. (1993). El hombre muerto. Por la otra cara de este libro: A propósito de Horacio Quiroga y su obra. (1a ed.). Colombia : Norma. aEn cada ejemplar de la colección Cara y Cruz el lector encontrará dos libros distintos y complementarios. Si quiere conocer ensayos sobre "El hombre muerto y Horacio Quiroga" citas a propósito de ellos, cronología y bibliografía, empiece por esta, la sección "Cruz" del libro. Si prefiere leer los cuentos, dele vuelta al libro y empiece, por la tapa opuesta, la sección "Cara".  aLiteratura